Countries Bordering Sudan - Statistics

General Stats
  • This quiz has been taken 11 times
  • The average score is 7 of 7
Answer Stats
Length Country % Correct
1403 km Chad
100%
1276 km Egypt
100%
682 km Eritrea
100%
382 km Libya
100%
2158 km South Sudan
100%
744 km Ethiopia
90%
174 km Central African Republic
80%
No matching quizzes found
Score Distribution
Percent of People with Each Score
Percentile by Number Answered
Your Score History
You have not taken this quiz